000 01307cam a2200373 i 4500
999 _c200459450
_d77662
001 200459450
003 TR-AnTOB
005 20240201134727.0
007 ta
008 231412s2023 tu 001 0 tur d
020 _a9789750287756
040 _aIU
_beng
_erda
_cIU
_dTR-AnTOB
041 0 _atur
050 1 _aKKX3800
090 _aKKX3800
_b.A788p 2023
100 1 _aArtuk, Mehmet Emin
_969441
245 1 0 _aCeza hukuku özel hükümler pratik çalışma kitabı :
_b(tamamı çözümlü) /
_cProf. Mehmet Emin Artuk, Dr. Öğr. Üye. Esra Alan, Dr. Öğr. Üye. Alaaddin Egemenoğlu, Erkam Yılmaz.
246 3 0 _aTamamı çözümlü ceza hukuku özel hükümler pratik çalışma kitabı.
250 _aGüncellenmiş ve genişletilmiş 6. baskı.
264 1 _aAnkara :
_bSeçkin,
_c2023.
300 _a296 pages ;
_c24 cm
336 _2rdacontent
_atext
_btxt
337 _2rdamedia
_aunmediated
_bn
338 _2rdacarrier
_avolume
_bnc
490 0 _aSeçkin Yayınları,
_v2839
504 _aBIB
650 0 0 _aCeza hukuku
_958325
650 0 0 _aCeza hukuku
_9121625
_xÇalışma ve öğretim
700 1 _aAlan, Esra
_eauthor
_9113953
700 1 _aEgemenoğlu, Alaaddin
_eauthor
_9121626
700 1 _aYılmaz, Erkam
_eauthor
_9121627
942 _2lcc
_cBK